Online
Catalog

Historias / (Record no. 18658)

MARC details
000 -CABECERA
campo de control de longitud fija 01129cam a2200301 a 4500
001 - NÚMERO DE CONTROL
campo de control 000019140
005 - FECHA Y HORA DE LA ÚLTIMA TRANSACCIÓN
campo de control 20250429112052.0
008 - DATOS DE LONGITUD FIJA--INFORMACIÓN GENERAL
campo de control de longitud fija 830629m19722008sp b 001 0 grc
020 ## - NÚMERO INTERNACIONAL ESTÁNDAR DEL LIBRO
Número Internacional Estándar del Libro 8400050029
040 ## - FUENTE DE LA CATALOGACIÓN
Centro catalogador/agencia de origen DO-SdBNP
Lengua de catalogación spa
Centro/agencia transcriptor BNPHU
082 ## - NÚMERO DE LA CLASIFICACIÓN DECIMAL DEWEY
Número de clasificación 930
Número de documento/Ítem P766hi
100 0# - ENTRADA PRINCIPAL--NOMBRE DE PERSONA
Nombre de persona Polibio.
9 (RLIN) 41179
245 10 - MENCIÓN DE TÍTULO
Título Historias /
Mención de responsabilidad, etc. Polibio ; texto revisado y traducido por Alberto Diaz Tejera.
260 ## - PUBLICACIÓN, DISTRIBUCIÓN, ETC.
Lugar de publicación, distribución, etc. Madrid :
Nombre del editor, distribuidor, etc. Consejo Superior de Investigaciones Cientificas,
Fecha de publicación, distribución, etc. 1972-.
300 ## - DESCRIPCIÓN FÍSICA
Extensión v. ;
Dimensiones 21 cm.
490 1# - MENCIÓN DE SERIE
Mención de serie Autores Griegos y Latinos
490 1# - MENCIÓN DE SERIE
Mención de serie Alma Mater
500 ## - NOTA GENERAL
Nota general La biloteca posee el volumen 4
500 ## - NOTA GENERAL
Nota general Obra en dos idiomas
504 ## - NOTA DE BIBLIOGRAFÍA, ETC.
Nota de bibliografía, etc. Incluye referencia bibliográficas y notas al pie de las páginas
505 0# - NOTA DE CONTENIDO CON FORMATO
Información miscelánea v. 1.
Título Libro 1. pt. 1. Caps. 1-32 --
Información miscelánea v.1. pt. 2 Caps. 32-88 --
-- v. 3.
Título Libro 3.
650 #0 - PUNTO DE ACCESO ADICIONAL DE MATERIA--TÉRMINO DE MATERIA
Término de materia o nombre geográfico como elemento de entrada Historia antigua
9 (RLIN) 18158
651 #4 - PUNTO DE ACCESO ADICIONAL DE MATERIA--NOMBRE GEOGRÁFICO
Nombre geográfico Roma
Subdivisión general Historia
Subdivisión cronológica REPÚBLICA, 510-30 a. C.
9 (RLIN) 41180
651 #4 - PUNTO DE ACCESO ADICIONAL DE MATERIA--NOMBRE GEOGRÁFICO
Nombre geográfico Grecia
Subdivisión general Historia,
Subdivisión cronológica 146 a. C. -323 d. C.
9 (RLIN) 41181
700 12 - PUNTO DE ACCESO ADICIONAL--NOMBRE DE PERSONA
Nombre de persona Díaz Tejera, Alberto.
9 (RLIN) 41182
830 #0 - PUNTO DE ACCESO ADICIONAL DE SERIE-TÍTULO UNIFORME
Título uniforme Autores griegos y latinos
9 (RLIN) 15129
910 ## - DATOS DE OPCIÓN DEL USUARIO (OCLC)
Datos de opción del usuario Validado. Control de calidad MFF
Holdings
Estado de retiro Estado de pérdida Restricciones de uso No para préstamo Código de colección Localización permanente Ubicación/localización actual Ubicación en estantería Fecha de adquisición Número de inventario Total de préstamos Signatura topográfica completa Código de barras Fecha visto por última vez Precio válido a partir de Tipo de ítem Koha
      Excluido de préstamo Monografías: Libros y Folletos General General Depósito 27.05.2010 LF1   v.1 19140-10 25.06.2020 25.06.2020 No se presta
      Excluido de préstamo Monografías: Libros y Folletos General General Depósito 29.11.2013 LF1   v.1, pt. 2 19140-20 25.06.2020 25.06.2020 No se presta
      Excluido de préstamo Monografías: Libros y Folletos General General Depósito 29.11.2013 LF1   v.3 19140-30 25.06.2020 25.06.2020 No se presta

Powered by Koha